La metamorfosis: (Registro nro. 37446)
[ vista simple ]
| 000 -CABECERA | |
|---|---|
| Longitud fija campo de control | 00765nam a2200229 4500 |
| 003 - • IDENTIFICADOR DELl NÚMERO DE CONTROL | |
| Identificador del número de control | CO-ViMGA |
| 020 ## - • NÚMERO INTERNACIONAL NORMALIZADO PARA LIBROS | |
| Número Internacional Normalizado para Libros (ISBN) | 9789583002878 |
| 040 ## - FUENTE DE LA CATALOGACIÓN | |
| Centro catalogador de origen | CO-ViMGA |
| Lengua de catalogación | spa |
| Centro transcriptor | CO-ViMGA |
| 082 04 - • NÚMERO DE LA CLASIFICACIÓN DECIMAL DEWEY | |
| Número de clasificación (R) | 891 |
| Número del ítem | K13m |
| 100 1# - • PUNTO DE ACCESO PRINCIPAL-NOMBRE DE PERSONA | |
| Nombre de persona | Kafka, Franz, |
| Fechas asociadas al nombre | 1883 - 1924. |
| 245 10 - • TITULO PROPIAMENTE DICHO | |
| Título | La metamorfosis: |
| Resto del título | la condena en la colonia penitenciaria / |
| Mención de responsabilidad, etc. | Franz Kafka. |
| 300 ## - • DESCRIPCIÓN FÍSICA | |
| Extensión | 224 p. : |
| Otras características físicas | il. ; 21 cm. |
| 490 ## - • MENCIÓN DE SERIE | |
| Mención de serie | Literatura universal. |
| 534 ## - • Nota De Versión Original | |
| Título | Die Verwandlung, in der strafkolonie y das urteil. |
| 650 14 - • PUNTO DE ACCESO ADICIONAL DE MATERIA - TÉRMINO DE MATERIA | |
| Término de materia o nombre geográfico como elemento inicial | Cuentos checoslovacos. |
| 650 14 - • PUNTO DE ACCESO ADICIONAL DE MATERIA - TÉRMINO DE MATERIA | |
| Término de materia o nombre geográfico como elemento inicial | Existencialismo en la literatura. |
| 650 14 - • PUNTO DE ACCESO ADICIONAL DE MATERIA - TÉRMINO DE MATERIA | |
| Término de materia o nombre geográfico como elemento inicial | Novela checoslovaca. |
| 650 14 - • PUNTO DE ACCESO ADICIONAL DE MATERIA - TÉRMINO DE MATERIA | |
| Término de materia o nombre geográfico como elemento inicial | Prisiones - Cuentos. |
| 700 1# - • PUNTO DE ACCESO ADICIONAL - NOMBRE DE PERSONA | |
| Nombre de persona | Kovacsics de Cubides, Marta, |
| Término indicativo de función | tr. |
| 942 ## - ENTRADA DE ELEMENTOS AGREGADOS (KOHA) | |
| Koha [por defecto] tipo de item | LIbro |
| Perdido | Estado Físico | No para préstamo | Forma de adquisición | Localización permanente | Localización actual | Fecha adquisición | Préstamos totales | Signatura completa | Código de barras | Fecha última consulta | Fecha último préstamo | Número de copia | Fecha del precio de reemplazo | Tipo de item de Koha | Fuente de clasificación o esquema | Localización en estanterías | Fuente de adquisición |
|---|---|---|---|---|---|---|---|---|---|---|---|---|---|---|---|---|---|
| Sala General Segundo Piso | Biblioteca Pública Germán Arciniegas - Villavicencio | Biblioteca Pública Germán Arciniegas - Villavicencio | 09/12/2016 | 1 | 891 K13m | 30742 | 10/08/2018 | 10/03/2018 | Ej. 1 | 09/12/2016 | LIbro | ||||||
| Literatura General | Biblioteca Pública San Juanito - Ernesto Maria Peña Romero | Biblioteca Pública San Juanito - Ernesto Maria Peña Romero | 12/13/2025 | N KAF | SJU02394 | 12/13/2025 | Ej.1 | 12/13/2025 | Libro Literatura | Clasificación Local Facetada | Literatura | Donación CLCP |